[Event "NATO-ch"]
[Site "Quebec CAN"]
[Date "2014.09.09"]
[Round "2.15"]
[White "Sycz, Dariusz"]
[Black "Simard, Francois"]
[Result "1-0"]
[WhiteElo "2139"]
[BlackElo "1961"]
[PlyCount "31"]
[EventDate "2014.09.08"]
[EventType "swiss"]
[EventRounds "7"]
[EventCountry "CAN"]
[Source "Chess Mix"]
[WhiteTeam "Poland"]
[BlackTeam "Canada"]
[WhiteTeamCountry "POL"]
[BlackTeamCountry "CAN"]

1. d4 d5 2. Nf3 e6 3. g3 c6 4. Bg2 Bd6 5. Nbd2 Nf6 6. O-O Nbd7 7. c4 e5 8. cxd5
Nxd5 9. Nc4 Qc7 10. Nxd6+ Qxd6 11. dxe5 Qe7 12. e4 Nc7 13. Bg5 Qe6 14. Nd4 Qxe5
15. Nf5 O-O 16. Bf4 1-0

[Event "NATO-ch"]
[Site "Quebec CAN"]
[Date "2014.09.09"]
[Round "2.17"]
[White "Cheung, Jan"]
[Black "Stuhr, Finn"]
[Result "1-0"]
[WhiteElo "2087"]
[BlackElo "1800"]
[PlyCount "99"]
[EventDate "2014.09.08"]
[EventType "swiss"]
[EventRounds "7"]
[EventCountry "CAN"]
[Source "Chess Mix"]
[WhiteTeam "The Netherlands"]
[BlackTeam "Denmark"]
[BlackTeamCountry "DEN"]

1. Nf3 d5 2. c4 c6 3. d4 Bf5 4. Nc3 e6 5. Bf4 Nf6 6. e3 Bd6 7. Bxd6 Qxd6 8. Be2
Nbd7 9. O-O O-O 10. Nh4 Bg6 11. Nxg6 fxg6 12. Rc1 Rae8 13. c5 Qc7 14. f4 Re7
15. Bf3 Qd8 16. b4 Ne8 17. b5 cxb5 18. Nxb5 Qa5 19. Qb3 Nb8 20. Rf2 Nc6 21. Rb2
a6 22. Nc3 Qd8 23. Qd1 Rc7 24. Rb6 Qe7 25. Qd2 Na5 26. Nb5 Nc6 27. Nxc7 Qxc7
28. Rcb1 Nd8 29. Qc3 Nf6 30. Qe1 Nd7 31. R6b2 Nb8 32. Be2 Nbc6 33. Rb6 Rf7 34.
g3 Qe7 35. Bd3 Qf6 36. R6b3 g5 37. R1b2 gxf4 38. gxf4 Nxd4 39. exd4 Qxd4+ 40.
Qf2 Qa4 41. Qh4 g5 42. Rg2 Qd4+ 43. Kh1 Kf8 44. Qxg5 Ke8 45. Qe5 Qxc5 46. Rc3
Qe7 47. Rg8+ Rf8 48. Rxf8+ Qxf8 49. Rc7 d4 50. Bxh7 1-0

[Event "NATO-ch"]
[Site "Quebec CAN"]
[Date "2014.09.09"]
[Round "2.18"]
[White "Keough, Robert"]
[Black "Kersic, Matej"]
[Result "0-1"]
[WhiteElo "2069"]
[BlackElo "2207"]
[PlyCount "136"]
[EventDate "2014.09.08"]
[EventType "swiss"]
[EventRounds "7"]
[EventCountry "CAN"]
[Source "Chess Mix"]
[WhiteTeam "USA"]
[BlackTeam "Slovenia"]
[BlackTeamCountry "SLO"]

1. e4 c5 2. d4 cxd4 3. c3 d3 4. Bxd3 d6 5. f4 Nc6 6. Nf3 Nf6 7. O-O e6 8. Kh1
Be7 9. Be3 b6 10. Bb5 Bd7 11. Nbd2 O-O 12. Qe2 Qc7 13. h3 e5 14. g4 exf4 15.
Bxf4 Ne5 16. Rad1 Rad8 17. Bxd7 Nfxd7 18. Nd4 Rfe8 19. N2f3 Ng6 20. Bg3 Nde5
21. Nf5 Bf8 22. Ne3 Nxf3 23. Qxf3 Qe7 24. Rd4 Ne5 25. Qf2 Qe6 26. Nd5 Rc8 27.
Ra4 Nc6 28. Qf5 b5 29. Ra6 Qxe4+ 30. Kh2 Qxf5 31. Rxf5 Re4 32. Kg2 Ra4 33. Rxa4
bxa4 34. Rf4 Rb8 35. Rf2 Ne5 36. Bxe5 dxe5 37. Kf3 f6 38. Ke4 Kf7 39. c4 Bc5
40. Rc2 Rb7 41. Nc3 a3 42. b3 Ke6 43. Na4 Bd4 44. Rd2 Rc7 45. Rd3 g6 46. Rf3
Rf7 47. Rf1 f5+ 48. Kd3 Rd7 49. b4 e4+ 50. Kc2 Ke5 51. c5 f4 52. Nc3 Bxc3 53.
Kxc3 e3 54. c6 Rc7 55. b5 a6 56. Kd3 axb5 57. Rb1 Rxc6 58. Rxb5+ Kf6 59. g5+
Kf7 60. Rb7+ Ke8 61. Rb4 Re6 62. Ke2 f3+ 63. Ke1 e2 64. Rb1 Rd6 65. Rc1 Ke7 66.
Rb1 Ke6 67. Rc1 Kf5 68. h4 Rd1+ 0-1

[Event "NATO-ch"]
[Site "Quebec CAN"]
[Date "2014.09.09"]
[Round "2.19"]
[White "Nill, Oliver"]
[Black "Langer, Herb"]
[Result "1-0"]
[WhiteElo "2188"]
[BlackElo "1813"]
[PlyCount "41"]
[EventDate "2014.09.08"]
[EventType "swiss"]
[EventRounds "7"]
[EventCountry "CAN"]
[Source "Chess Mix"]
[WhiteTeam "Germany"]
[BlackTeam "Veterans"]
[WhiteTeamCountry "GER"]

1. c4 Nf6 2. Nc3 e6 3. e4 d6 4. g3 c5 5. Bg2 Nc6 6. Nge2 Be7 7. O-O O-O 8. d4
cxd4 9. Nxd4 Nxd4 10. Qxd4 e5 11. Qd3 Be6 12. b3 Qd7 13. Ba3 a6 14. Rfd1 Rfd8
15. Rd2 Bh3 16. Rad1 Bxg2 17. Kxg2 Qe6 18. Nd5 Nxd5 19. Qxd5 Qxd5 20. Rxd5 Rd7
21. Bxd6 1-0

[Event "NATO-ch"]
[Site "Quebec CAN"]
[Date "2014.09.09"]
[Round "2.20"]
[White "Leblanc, Paul"]
[Black "Dekker, Ard"]
[Result "1/2-1/2"]
[WhiteElo "1942"]
[BlackElo "1940"]
[PlyCount "42"]
[EventDate "2014.09.08"]
[EventType "swiss"]
[EventRounds "7"]
[EventCountry "CAN"]
[Source "Chess Mix"]
[WhiteTeam "Canada 2"]
[BlackTeam "The Netherlands"]

1. d4 Nf6 2. c4 g6 3. g3 Bg7 4. Bg2 d6 5. Nf3 O-O 6. O-O Nbd7 7. Qc2 c6 8. e4
e5 9. Rd1 Qc7 10. h3 b6 11. Nc3 Re8 12. dxe5 dxe5 13. Be3 Nf8 14. Rac1 Ne6 15.
b4 Bb7 16. Rd2 Bf8 17. a3 Rad8 18. Rcd1 Rxd2 19. Rxd2 Be7 20. Ng5 Bc8 21. Ne2
Rd8 1/2-1/2

[Event "NATO-ch"]
[Site "Quebec CAN"]
[Date "2014.09.09"]
[Round "2.21"]
[White "Onley, David"]
[Black "Deneyer, Frank"]
[Result "1-0"]
[WhiteElo "2120"]
[BlackElo "1736"]
[PlyCount "124"]
[EventDate "2014.09.08"]
[EventType "swiss"]
[EventRounds "7"]
[EventCountry "CAN"]
[Source "Chess Mix"]
[WhiteTeam "United Kingdom"]
[BlackTeam "Belgium"]
[BlackTeamCountry "BEL"]

1. e4 d6 2. d4 Nf6 3. Nc3 g6 4. Bc4 Bg7 5. Qe2 Nc6 6. e5 Nxd4 7. exf6 Nxe2 8.
fxg7 Rg8 9. Ngxe2 e6 10. Ne4 f6 11. Bb3 Rxg7 12. Bh6 Rg8 13. O-O-O Qe7 14. Nf4
Kf7 15. Rhe1 Re8 16. g4 g5 17. Nh5 Kg6 18. Bg7 f5 19. Bf6 Qf8 20. Bg7 Qe7 21.
Nef6 fxg4 22. c3 e5 23. Nd5 Qd8 24. Bf6 Qd7 25. Ng7 c6 26. Bc2+ Kf7 27. Bf5
cxd5 28. Bxd7 Bxd7 29. Nxe8 Rxe8 30. Bxg5 Kg6 31. Be3 Be6 32. b3 a6 33. Kb2 Rf8
34. Rd2 Rf3 35. Bb6 Kf6 36. Bd8+ Kf7 37. Bc7 Ke7 38. Rc1 Rh3 39. Rh1 Kd7 40.
Bb6 Kc6 41. Be3 Bf5 42. a4 Be4 43. Rg1 h5 44. Ka3 Bf3 45. b4 Rxh2 46. Rb2 b5
47. axb5+ axb5 48. Kb3 h4 49. Bg5 Kd7 50. Ra2 Ke6 51. Raa1 Kf5 52. Be7 Ke6 53.
Bd8 Rxf2 54. Bxh4 Rh2 55. Bg3 Rh3 56. Kc2 Rh8 57. Kd2 Rc8 58. Ra5 Rb8 59. Ke3
Rc8 60. Kd2 Rb8 61. Ra7 Be4 62. Bh4 Bf3 1-0

[Event "NATO-ch"]
[Site "Quebec CAN"]
[Date "2014.09.09"]
[Round "2.27"]
[White "Szczesniak, Andrzej"]
[Black "Murray, Brian"]
[Result "1-0"]
[WhiteElo "1969"]
[BlackElo "1633"]
[PlyCount "89"]
[EventDate "2014.09.08"]
[EventType "swiss"]
[EventRounds "7"]
[EventCountry "CAN"]
[Source "Chess Mix"]
[WhiteTeam "NATO1"]
[BlackTeam "Canada 2"]

1. c4 d6 2. Nc3 e5 3. g3 Nd7 4. Bg2 Ngf6 5. Nf3 Be7 6. d4 c6 7. O-O Qc7 8. e4
O-O 9. h3 a6 10. a4 Re8 11. Be3 b6 12. Nh4 g6 13. f4 Nh5 14. Nf5 gxf5 15. Qxh5
Nf6 16. Qf3 Bf8 17. fxe5 dxe5 18. exf5 e4 19. Qf4 Qxf4 20. Bxf4 Bxf5 21. Be5
Be6 22. Bxf6 Bxc4 23. Rf4 h5 24. Rxe4 Bd3 25. Re5 Rxe5 26. dxe5 Bc5+ 27. Kh2
Rc8 28. Rd1 Bf5 29. Rd8+ Rxd8 30. Bxd8 Bd7 31. Ne4 Kg7 32. Nxc5 bxc5 33. Bf1
Bc8 34. Be7 Kg6 35. Bd3+ Kg7 36. Bxc5 f6 37. exf6+ Kxf6 38. Bd4+ Kg5 39. h4+
Kh6 40. Be4 Bd7 41. Kg2 c5 42. Bxc5 Bxa4 43. Kf3 Bd1+ 44. Kf4 Kg7 45. Kg5 1-0

[Event "NATO-ch"]
[Site "Quebec CAN"]
[Date "2014.09.09"]
[Round "2.28"]
[White "Papler, Peter"]
[Black "Patron, Pascal"]
[Result "1-0"]
[WhiteElo "1613"]
[BlackElo "1935"]
[PlyCount "83"]
[EventDate "2014.09.08"]
[EventType "swiss"]
[EventRounds "7"]
[EventCountry "CAN"]
[Source "Chess Mix"]
[WhiteTeam "Slovenia"]
[BlackTeam "France"]
[WhiteTeamCountry "SLO"]
[BlackTeamCountry "FRA"]

1. d4 d5 2. Nf3 Nf6 3. c3 e6 4. e3 c5 5. Nbd2 Nc6 6. Bd3 Qb6 7. O-O Bd7 8. Re1
Rc8 9. Nf1 Bd6 10. Ng3 O-O 11. Bb1 e5 12. dxe5 Nxe5 13. Nf5 Bxf5 14. Bxf5 Rcd8
15. Nxe5 Bxe5 16. Qc2 g6 17. Bd3 Ne8 18. b3 Nc7 19. Bb2 Ne6 20. Rad1 Rc8 21.
Be2 d4 22. Bc4 dxc3 23. Bxc3 Bxc3 24. Qxc3 Rfd8 25. g3 Ng5 26. Be2 Qc6 27. h4
Nh3+ 28. Kh2 Nxf2 29. Rxd8+ Rxd8 30. Rf1 Ne4 31. Qe5 Rd2 32. Re1 f6 33. Qb8+
Kg7 34. Kg1 Rxa2 35. Bc4 Nc3 36. Qg8+ Kh6 37. Qf8+ Kh5 38. e4 Qc7 39. Re3 Qe5
40. Qg7 Ra1+ 41. Kg2 Ra2+ 42. Kh3 1-0

[Event "NATO-ch"]
[Site "Quebec CAN"]
[Date "2014.09.09"]
[Round "2.33"]
[White "Lambruschini, Alex"]
[Black "Ross, David C"]
[Result "1/2-1/2"]
[WhiteElo "1928"]
[BlackElo "1583"]
[PlyCount "82"]
[EventDate "2014.09.08"]
[EventType "swiss"]
[EventRounds "7"]
[EventCountry "CAN"]
[Source "Chess Mix"]
[WhiteTeam "Canada"]
[BlackTeam "NATO2"]
[WhiteTeamCountry "CAN"]

1. d4 Nf6 2. c4 e6 3. Nf3 c5 4. d5 exd5 5. cxd5 d6 6. Nc3 a6 7. a4 Bf5 8. e3 g6
9. Bd3 Bxd3 10. Qxd3 Bg7 11. O-O O-O 12. Nd2 Nbd7 13. Nc4 Nb6 14. Nxb6 Qxb6 15.
e4 Ng4 16. a5 Qc7 17. Qg3 Ne5 18. Bf4 Rfe8 19. Rfc1 Rad8 20. Na4 Qxa5 21. Nxc5
Qb5 22. Na4 Rc8 23. Nc3 Qd7 24. Bxe5 Bxe5 25. Qd3 Rc7 26. g3 Rec8 27. Kg2 b5
28. Qd2 Ra7 29. Na2 Rac7 30. Nb4 Rxc1 31. Rxc1 Rxc1 32. Qxc1 a5 33. Nc6 Bg7 34.
Nxa5 Qa7 35. Qc8+ Bf8 36. Nb7 Kg7 37. Qd7 Qd4 38. Nxd6 Bxd6 39. Qxd6 Qxe4+ 40.
Kh3 Qf5+ 41. Kg2 Qe4+ 1/2-1/2

[Event "NATO-ch"]
[Site "Quebec CAN"]
[Date "2014.09.09"]
[Round "3"]
[White "Langer, Herb"]
[Black "Van den Heuvel, Tonnie"]
[Result "1-0"]
[WhiteElo "1813"]
[BlackElo "1885"]
[PlyCount "149"]
[EventDate "2014.09.08"]
[EventType "swiss"]
[EventRounds "7"]
[EventCountry "CAN"]
[Source "ChessBase"]
[SourceDate "2014.11.20"]
[WhiteTeam "Veterans"]
[BlackTeam "Netherlands"]
[BlackTeamCountry "NED"]

1. d4 d5 2. Nf3 c6 3. e3 Nf6 4. Bd3 e6 5. O-O Nbd7 6. Nbd2 Bd6 7. Qe2 O-O 8. e4
dxe4 9. Nxe4 Nxe4 10. Qxe4 Nf6 11. Qh4 g6 12. Bg5 Be7 13. Ne5 Nd5 14. Bxe7 Qxe7
15. Qh6 Rd8 16. c3 Bd7 17. Rae1 c5 18. dxc5 Qxc5 19. c4 Nb4 20. Bb1 Nc6 21.
Nxf7 Qf8 22. Qxf8+ Rxf8 23. Nd6 Rab8 24. Rd1 Bc8 25. Rfe1 e5 26. Be4 Bf5 27.
Bd5+ Kg7 28. b3 Nb4 29. Rxe5 Kf6 30. Re3 Rfd8 31. Nxf5 Kxf5 32. a3 Nxd5 33.
Rxd5+ Rxd5 34. cxd5 Rd8 35. Kf1 Rxd5 36. Re7 Rb5 37. b4 h5 38. Ke2 a5 39. bxa5
Rxa5 40. Rxb7 Rxa3 41. Rf7+ Ke6 42. Rf8 Ke5 43. h4 Ra2+ 44. Kd3 Ra3+ 45. Kc2
Ra2+ 46. Kb3 Rd2 47. g3 Ke4 48. Rf4+ Ke5 49. Kc3 Ra2 50. Kd3 Ra3+ 51. Ke2 Rb3
52. Rf3 Rb2+ 53. Kf1 Ra2 54. Kg2 Rb2 55. Kh3 Rb4 56. Re3+ Kf5 57. f3 Rb6 58.
Re8 Rf6 59. Re4 Ra6 60. Rf4+ Ke5 61. Rf8 Ra4 62. g4 hxg4+ 63. fxg4 Ra3+ 64. Kg2
Rb3 65. Rf3 Rb4 66. Kg3 Ra4 67. h5 gxh5 68. gxh5 Ke6 69. h6 Rb4 70. Rf8 Rb7 71.
Kg4 Rf7 72. Rg8 Rh7 73. Kg5 Rf7 74. Re8+ Kd7 75. Re4 1-0

[Event "NATO-ch"]
[Site "Quebec CAN"]
[Date "2014.09.09"]
[Round "3"]
[White "Nielsen, Jan Mose"]
[Black "Drabke, Lorenz"]
[Result "0-1"]
[WhiteElo "2096"]
[BlackElo "2457"]
[PlyCount "28"]
[EventDate "2014.09.08"]
[EventType "swiss"]
[EventRounds "7"]
[EventCountry "CAN"]
[Source "ChessBase"]
[SourceDate "2014.11.20"]
[WhiteTeam "Denmark"]
[BlackTeam "Germany"]
[WhiteTeamCountry "DEN"]
[BlackTeamCountry "GER"]

1. d4 d5 2. Nf3 Nf6 3. c4 c6 4. Nc3 dxc4 5. a4 Bf5 6. e3 e6 7. Bxc4 Bb4 8. O-O
O-O 9. Qe2 Bg4 10. Rd1 Nbd7 11. Bd2 e5 12. dxe5 Nxe5 13. Ne4 Nxe4 14. Bxb4 Qf6
0-1

[Event "NATO-ch"]
[Site "Quebec CAN"]
[Date "2014.09.09"]
[Round "3"]
[White "Pirs, Matjaz2"]
[Black "Leblanc, Paul"]
[Result "1/2-1/2"]
[WhiteElo "2051"]
[BlackElo "1942"]
[PlyCount "66"]
[EventDate "2014.09.08"]
[EventType "swiss"]
[EventRounds "7"]
[EventCountry "CAN"]
[Source "ChessBase"]
[SourceDate "2014.11.20"]
[WhiteTeam "Slovenia"]
[BlackTeam "Canada II"]
[WhiteTeamCountry "SLO"]
[BlackTeamCountry "CAN"]

1. e4 c6 2. d4 d5 3. exd5 cxd5 4. c4 dxc4 5. Bxc4 Qc7 6. Qb3 e6 7. Ne2 a6 8. a4
Nc6 9. Bf4 Bd6 10. Bxd6 Qxd6 11. Qc3 Nf6 12. O-O O-O 13. Nd2 e5 14. dxe5 Qxe5
15. Rfe1 Qxc3 16. Nxc3 Bf5 17. Nb3 Rac8 18. Bf1 h6 19. Rac1 Rfe8 20. f3 Rxe1
21. Rxe1 Re8 22. Rxe8+ Nxe8 23. Nc5 Nd6 24. Kf2 Ne5 25. b4 Kf8 26. g4 Bc8 27.
h3 g5 28. Nd5 Nec4 29. b5 axb5 30. axb5 Be6 31. Nc7 Bc8 32. Nd5 Be6 33. Nc7 Bc8
1/2-1/2

[Event "NATO-ch"]
[Site "Quebec CAN"]
[Date "2014.09.09"]
[Round "3.1"]
[White "Papista, Akos"]
[Black "Helbig, Mark"]
[Result "1/2-1/2"]
[WhiteElo "2168"]
[BlackElo "2296"]
[PlyCount "114"]
[EventDate "2014.09.08"]
[EventType "swiss"]
[EventRounds "7"]
[EventCountry "CAN"]
[Source "Chess Mix"]
[WhiteTeam "Hungary"]
[BlackTeam "Germany"]
[WhiteTeamCountry "HUN"]
[BlackTeamCountry "GER"]

1. e4 c6 2. d4 d5 3. exd5 cxd5 4. c4 Nf6 5. Nc3 Nc6 6. Nf3 Bg4 7. cxd5 Nxd5 8.
Qb3 Bxf3 9. gxf3 e6 10. Qxb7 Nxd4 11. Bb5+ Nxb5 12. Qc6+ Ke7 13. Qxb5 Nxc3 14.
Qc5+ Qd6 15. Qxd6+ Kxd6 16. bxc3 Kc6 17. Be3 Bd6 18. O-O-O Rhd8 19. Kc2 Bc5 20.
Rxd8 Rxd8 21. Rg1 g6 22. Rg4 Bb6 23. Rh4 h5 24. Rc4+ Kb7 25. h3 Rd5 26. Rf4 f5
27. Rc4 e5 28. Rb4 Kc6 29. a4 f4 30. Bxb6 axb6 31. Re4 Kd6 32. Rb4 Kc6 33. Re4
Ra5 34. Rc4+ Kd5 35. Rb4 g5 36. Kd3 Kc6 37. Re4 Rd5+ 38. Kc2 Kd7 39. Rb4 Rd6
40. Rb5 Ke6 41. a5 bxa5 42. Rxa5 Rd8 43. Ra6+ Kf5 44. Ra5 Rg8 45. Kd3 g4 46.
fxg4+ hxg4 47. hxg4+ Rxg4 48. Ra8 Rg2 49. Rf8+ Ke6 50. Re8+ Kf6 51. Rf8+ Ke7
52. Rf5 Kd6 53. Rf6+ Ke7 54. Rf5 Rxf2 55. Rxe5+ Kf6 56. Ra5 Rf3+ 57. Ke4 Rxc3
1/2-1/2

[Event "NATO-ch"]
[Site "Quebec CAN"]
[Date "2014.09.09"]
[Round "3.2"]
[White "Pedersen, Finn"]
[Black "Sycz, Dariusz"]
[Result "0-1"]
[WhiteElo "2278"]
[BlackElo "2139"]
[PlyCount "100"]
[EventDate "2014.09.08"]
[EventType "swiss"]
[EventRounds "7"]
[EventCountry "CAN"]
[Source "Chess Mix"]
[WhiteTeam "Denmark"]
[BlackTeam "Poland"]
[WhiteTeamCountry "DEN"]
[BlackTeamCountry "POL"]

1. c4 d6 2. d4 e5 3. dxe5 dxe5 4. Qxd8+ Kxd8 5. Nf3 f6 6. Nc3 Be6 7. e3 Nd7 8.
Be2 c6 9. O-O Nh6 10. Rd1 Be7 11. e4 g5 12. h4 Nf7 13. hxg5 fxg5 14. Nh2 h5 15.
Nf1 g4 16. Be3 Nd6 17. b3 b6 18. Rac1 Ke8 19. Rc2 Nb7 20. Ng3 Nf6 21. Bg5 Kf7
22. Nf5 Bxf5 23. exf5 Rad8 24. Re1 Bb4 25. Bf1 Rhe8 26. a3 Bxc3 27. Rxc3 e4 28.
f3 exf3 29. Rxe8 f2+ 30. Kxf2 Rxe8 31. Bxf6 Kxf6 32. Bd3 Nc5 33. b4 Nxd3+ 34.
Rxd3 Kxf5 35. Rd6 Re6 36. Rd7 Re4 37. Rf7+ Kg6 38. Rxa7 Rxc4 39. Ra6 b5 40. a4
bxa4 41. b5 Kf5 42. bxc6 Kf4 43. g3+ Ke4 44. c7 Rc2+ 45. Kg1 Kf3 46. Rxa4 Kxg3
47. Ra3+ Kh4 48. Ra7 Kh3 49. Ra2 Rc1+ 50. Kf2 g3+ 0-1

[Event "NATO-ch"]
[Site "Quebec CAN"]
[Date "2014.09.09"]
[Round "3.3"]
[White "Cheung, Jan"]
[Black "Sypien, Mateusz"]
[Result "0-1"]
[WhiteElo "2087"]
[BlackElo "2257"]
[PlyCount "64"]
[EventDate "2014.09.08"]
[EventType "swiss"]
[EventRounds "7"]
[EventCountry "CAN"]
[Source "Chess Mix"]
[WhiteTeam "The Netherlands"]
[BlackTeam "Poland"]
[BlackTeamCountry "POL"]

1. d4 Nf6 2. c4 g6 3. Nc3 Bg7 4. e4 d6 5. Nf3 O-O 6. Be2 e5 7. d5 a5 8. Bg5 h6
9. Bh4 Qe8 10. Nd2 Nfd7 11. O-O g5 12. Bg3 Nc5 13. b3 f5 14. f3 h5 15. a3 f4
16. Bf2 Qg6 17. b4 axb4 18. axb4 Rxa1 19. Qxa1 Nca6 20. Qa3 g4 21. c5 g3 22.
Be1 Qg5 23. cxd6 cxd6 24. b5 Nc5 25. Nc4 Qh4 26. h3 Bxh3 27. gxh3 Qxh3 28. Rf2
gxf2+ 29. Bxf2 Rf6 30. Bxc5 Rg6+ 31. Kf2 Qh4+ 32. Kf1 Qh1+ 0-1

[Event "NATO-ch"]
[Site "Quebec CAN"]
[Date "2014.09.09"]
[Round "3.4"]
[White "Michalski, Daniel"]
[Black "Andersen, Hans Christoph"]
[Result "0-1"]
[WhiteElo "2090"]
[BlackElo "2223"]
[PlyCount "128"]
[EventDate "2014.09.08"]
[EventType "swiss"]
[EventRounds "7"]
[EventCountry "CAN"]
[Source "Chess Mix"]
[WhiteTeam "Poland"]
[BlackTeam "Germany"]
[WhiteTeamCountry "POL"]
[BlackTeamCountry "GER"]

1. d4 f5 2. Nf3 Nf6 3. g3 g6 4. Bg2 Bg7 5. c4 O-O 6. b3 d6 7. Bb2 Qe8 8. O-O
Na6 9. Nbd2 Rb8 10. Qc2 b5 11. cxb5 Qxb5 12. Rac1 Bd7 13. Qc4+ Qxc4 14. Nxc4
Ne4 15. Rfd1 c5 16. dxc5 Bxb2 17. Nxb2 Naxc5 18. Nc4 Rfc8 19. h4 Kg7 20. Ng5
Bc6 21. Rc2 Nxg5 22. Bxc6 Rxc6 23. hxg5 Ne4 24. Rdc1 Rbc8 25. Ne3 Rxc2 26. Rxc2
Rxc2 27. Nxc2 Nc3 28. a4 Nxe2+ 29. Kf1 Nc1 30. b4 Kf7 31. Nd4 Ke8 32. Nc6 Kd7
33. Nxa7 Na2 34. b5 Nc3 35. a5 Kc7 36. Nc6 e5 37. Ne7 Nxb5 38. Nd5+ Kb7 39. Nf6
Nd4 40. Nxh7 Ne6 41. Nf6 Nxg5 42. Nd7 Ne6 43. Nb6 e4 44. Nd5 Ka6 45. Ne7 Nf8
46. Ke2 Kxa5 47. Ke3 Kb6 48. g4 fxg4 49. Kxe4 Kc5 50. Kf4 d5 51. Kxg4 d4 52.
Kf3 Kc4 53. Ke2 g5 54. Nf5 Kc3 55. Kd1 Kd3 56. Nd6 Ne6 57. Nf7 Kc3 58. Nd6 Nc5
59. f3 Kd3 60. Nf5 Ne6 61. Ke1 Kc2 62. Kf2 d3 63. Nd4+ Nxd4 64. f4 d2 0-1

[Event "NATO-ch"]
[Site "Quebec CAN"]
[Date "2014.09.09"]
[Round "3.5"]
[White "Van Rijn, Wouter"]
[Black "Graczyk, Damian"]
[Result "0-1"]
[WhiteElo "2176"]
[BlackElo "2081"]
[PlyCount "134"]
[EventDate "2014.09.08"]
[EventType "swiss"]
[EventRounds "7"]
[EventCountry "CAN"]
[Source "Chess Mix"]
[WhiteTeam "The Netherlands"]
[BlackTeam "Poland"]
[BlackTeamCountry "POL"]

1. Nf3 Nf6 2. d4 e6 3. Bg5 Be7 4. e3 b6 5. Bd3 Bb7 6. Nbd2 O-O 7. O-O c5 8. Qe2
h6 9. Bh4 Nd5 10. Bxe7 Qxe7 11. c4 Nb4 12. Bb1 d6 13. Rd1 Nd7 14. dxc5 dxc5 15.
Ne4 Rad8 16. a3 Nc6 17. Bc2 Nf6 18. Ng3 e5 19. Nd2 Ba8 20. Nde4 Nxe4 21. Bxe4
g6 22. Qg4 Kh7 23. Qf3 Na5 24. Bxa8 Rxa8 25. Qe4 f5 26. Qc2 Rad8 27. Ne2 Qe6
28. b3 Nc6 29. Nc3 e4 30. Nd5 Ne5 31. a4 Nd3 32. a5 b5 33. f4 b4 34. Qe2 Rd6
35. h3 h5 36. g3 Kg7 37. Kg2 Rh8 38. Rh1 Rxd5 39. cxd5 Qxd5 40. Qc2 c4 41. Qxc4
Qxc4 42. bxc4 Kf7 43. Ra2 Ke7 44. Rb1 Rc8 45. g4 h4 46. gxf5 gxf5 47. a6 Rxc4
48. Ra5 Ke6 49. Rb5 Rc2+ 50. Kg1 Ra2 51. Rb7 Rxa6 52. Rh7 Kd5 53. Rd7+ Ke6 54.
Rh7 Ra3 55. Rxh4 b3 56. Rh8 b2 57. Rb8 Rc3 58. R8xb2 Nxb2 59. Rxb2 Rxe3 60. Ra2
Rxh3 61. Ra6+ Kf7 62. Rxa7+ Kg6 63. Ra2 Rf3 64. Rg2+ Kf6 65. Rf2 Rxf2 66. Kxf2
Ke6 67. Ke2 Kd5 0-1

[Event "NATO-ch"]
[Site "Quebec CAN"]
[Date "2014.09.09"]
[Round "3.7"]
[White "Bacus, Dharim"]
[Black "Wagenaar, Harm Theo"]
[Result "1/2-1/2"]
[WhiteElo "2272"]
[BlackElo "2055"]
[PlyCount "109"]
[EventDate "2014.09.08"]
[EventType "swiss"]
[EventRounds "7"]
[EventCountry "CAN"]
[Source "Chess Mix"]
[WhiteTeam "USA"]
[BlackTeam "NATO2"]

1. e4 c5 2. Nf3 a6 3. d4 cxd4 4. Nxd4 Nf6 5. Nc3 e5 6. Nb3 Bb4 7. Bd2 O-O 8.
Bd3 d6 9. O-O Nbd7 10. a3 Bxc3 11. Bxc3 Qc7 12. Re1 Re8 13. Qf3 Nf8 14. Nd2 Be6
15. Nf1 N8d7 16. Ne3 Qc6 17. Rad1 Rad8 18. h3 h6 19. Nf5 Bxf5 20. Qxf5 Nc5 21.
Re3 Qd7 22. Qf3 Qe6 23. Qe2 Na4 24. Bc4 Nxc3 25. Rxc3 Qe7 26. Rcd3 Rd7 27. Bb3
Red8 28. Kh2 Kf8 29. a4 Rc7 30. Qe1 Rc5 31. Qb4 Qc7 32. Rf3 Rd7 33. Qe1 Qc6 34.
Re3 Qb6 35. Kh1 Qc7 36. Qe2 Ke7 37. Rf1 Kf8 38. f4 Qd8 39. Ref3 Rc6 40. g4 exf4
41. Rxf4 Qe8 42. a5 Re7 43. Ba4 Nxe4 44. Qg2 f6 45. Kh2 d5 46. Bxc6 Qxc6 47.
R4f3 Qc7+ 48. Kh1 Qxa5 49. Rd3 Re5 50. b3 Qc5 51. Kh2 Qc7 52. Kg1 Qc5+ 53. Kh2
Qc7 54. Kg1 Qc5+ 55. Kh2 1/2-1/2

[Event "NATO-ch"]
[Site "Quebec CAN"]
[Date "2014.09.09"]
[Round "3.8"]
[White "Kersic, Matej"]
[Black "Marquardt, Christian"]
[Result "1/2-1/2"]
[WhiteElo "2207"]
[BlackElo "2078"]
[PlyCount "84"]
[EventDate "2014.09.08"]
[EventType "swiss"]
[EventRounds "7"]
[EventCountry "CAN"]
[Source "Chess Mix"]
[WhiteTeam "Slovenia"]
[BlackTeam "Germany"]
[WhiteTeamCountry "SLO"]
[BlackTeamCountry "GER"]

1. e4 c6 2. Nc3 d5 3. Nf3 g6 4. d4 Bg7 5. h3 dxe4 6. Nxe4 Nd7 7. Be3 Ngf6 8.
Nxf6+ Nxf6 9. Bd3 Bf5 10. O-O Bxd3 11. Qxd3 O-O 12. Rfd1 Qc7 13. Qb3 Nd5 14.
Bd2 Rfd8 15. c4 Nf6 16. Qc2 Nd7 17. Bc3 Rac8 18. Qe2 e6 19. Rd3 b5 20. b3 bxc4
21. bxc4 c5 22. dxc5 Bxc3 23. Rxc3 Nxc5 24. Ne5 Qd6 25. Rc2 f6 26. Ng4 Qd4 27.
Rcc1 Kg7 28. Rd1 Qe4 29. Qb2 e5 30. Qa3 Rxd1+ 31. Rxd1 Rc7 32. Qa5 Qc6 33. Rd5
Ne6 34. Qb5 Qxb5 35. cxb5 Kf7 36. Rd6 Rb7 37. a4 Ke7 38. Rc6 Rb6 39. Rc4 a6 40.
bxa6 Rxa6 41. Ne3 Kd6 42. Rb4 h5 1/2-1/2

[Event "NATO-ch"]
[Site "Quebec CAN"]
[Date "2014.09.09"]
[Round "3.10"]
[White "Mestek, Igor"]
[Black "Mottais, Francois"]
[Result "1-0"]
[WhiteElo "2180"]
[BlackElo "2035"]
[PlyCount "89"]
[EventDate "2014.09.08"]
[EventType "swiss"]
[EventRounds "7"]
[EventCountry "CAN"]
[Source "Chess Mix"]
[WhiteTeam "Slovenia"]
[BlackTeam "France"]
[WhiteTeamCountry "SLO"]
[BlackTeamCountry "FRA"]

1. e4 c5 2. Nf3 d6 3. d4 cxd4 4. Nxd4 Nf6 5. Nc3 a6 6. Bc4 e6 7. O-O Be7 8. Bb3
O-O 9. f4 Nbd7 10. Kh1 Qc7 11. f5 Nc5 12. fxe6 fxe6 13. Bg5 Nfxe4 14. Nxe4 Nxe4
15. Nxe6 Bxe6 16. Bxe6+ Kh8 17. Be3 Rxf1+ 18. Qxf1 Rf8 19. Qc4 Qxc4 20. Bxc4
Nf2+ 21. Kg1 Ng4 22. Bd4 Bf6 23. Rd1 Ne5 24. Bd5 b5 25. c3 a5 26. h3 b4 27. Bb6
bxc3 28. bxc3 a4 29. Ba5 Bd8 30. Bxd8 Rxd8 31. Rd4 Rc8 32. Rxa4 g6 33. Ra8 Rxa8
34. Bxa8 Kg7 35. Bd5 Nd7 36. a4 Nb6 37. Bb3 Kf6 38. Kf2 Ke5 39. Ke3 g5 40. a5
Nc8 41. c4 Na7 42. Bc2 h6 43. Be4 Nc8 44. Bb7 Na7 45. g4 1-0

[Event "NATO-ch"]
[Site "Quebec CAN"]
[Date "2014.09.09"]
[Round "3.11"]
[White "Bohn, Ulrich"]
[Black "Kedzierski, Slawomir"]
[Result "1/2-1/2"]
[WhiteElo "2147"]
[BlackElo "2023"]
[PlyCount "52"]
[EventDate "2014.09.08"]
[EventType "swiss"]
[EventRounds "7"]
[EventCountry "CAN"]
[Source "Chess Mix"]
[WhiteTeam "Germany"]
[BlackTeam "NATO1"]
[WhiteTeamCountry "GER"]

1. e4 c6 2. d4 d5 3. exd5 cxd5 4. c4 Nf6 5. Nc3 e6 6. Nf3 Be7 7. cxd5 Nxd5 8.
Bd3 Nc6 9. O-O O-O 10. Re1 Nf6 11. a3 b6 12. Bc2 Bb7 13. Qd3 Rc8 14. d5 Na5 15.
Bg5 g6 16. d6 Bxd6 17. Bxf6 Qxf6 18. Qxd6 Bxf3 19. gxf3 Nc4 20. Qg3 Nxb2 21.
Ne4 Qg7 22. Bb3 Nd3 23. Red1 Nc5 24. Ba2 Nxe4 25. fxe4 Rc3 26. Qf4 Rxa3 1/2-1/2